000 00304nam a2200109 4500
999 _c9650
_d9650
008 180713b ||||| |||| 00| 0 eng d
245 _aSchools to get cloud-based learning system.
260 _aPhilippines
_bThe Philippine Star
_cc2016
300 _apage 12.
650 0 _928634
_aSchools.
942 _2ddc
_cPER